000 00570nam a2200205Ia 4500
005 20250923145022.0
008 008 250917s9999 xx 000 0 eng d
037 _aTextual
040 _aDSWL
_beng
_cDSWL
041 _aeng
_2eng
084 _aY1:45, K5.1
_qDSWL
100 _aMannheim, H.
_9830915
245 0 _aComparative criminology Vol-I
_cby H. Mannheim
260 _aLondon
_bRoutledge & Kegan Paul
_c1965
300 _av,82 p.
365 _aINR
_b42
925 _g42
942 _cTEXL
_hY1:45, K5.1
999 _c1446104
_d1446104